00517nam a22001457a 4500003000400000005001700004008004100021040001400062100002700076245010400103260000900207300002800216500010000244504002700344OSt20171010095439.0120604t xxu||||| |||| 00| 0 eng d aMMSUcULS aValdez, Sheraldine Y.  aAntitermicidal activity of Martial law (Chromolaena odorata I.) leaf extractcSheraldine Y. Valdez  c2007 axv, 39 leaves c28 cm.  aThesis (BS Biology) -- Mariano Marcos State University-College of Arts and Sciences, Batac City aBibliography: leaf 25